Reneszánsz válaszok a gyűlöletre

Elmentve itt :
Bibliográfiai részletek
Szerző: Simon József
Dokumentumtípus: Könyv része
Megjelent: Hungarian Philosophical Society; Pro Philosophia Szegediensi Foundation Szeged 2008
Sorozat:A gyűlölet
Tárgyszavak:
mtmt:1203735
Online Access:http://publicatio.bibl.u-szeged.hu/27070
LEADER 00846naa a2200217 i 4500
001 publ27070
005 20230428090143.0
008 230428s2008 hu o 0|| Magyar d
020 |a 9789630641746 
024 7 |a 1203735  |2 mtmt 
040 |a SZTE Publicatio Repozitórium  |b hun 
041 |a Magyar 
100 1 |a Simon József 
245 1 0 |a Reneszánsz válaszok a gyűlöletre  |h [elektronikus dokumentum] /  |c  Simon József 
260 |a Hungarian Philosophical Society; Pro Philosophia Szegediensi Foundation  |b Szeged  |c 2008 
300 |a 9 
300 |a 144-152 
490 0 |a A gyűlölet 
650 4 |a Filozófia, etika és vallástudományok 
856 4 0 |u http://publicatio.bibl.u-szeged.hu/27070/1/platonhoz_006_144-152.pdf  |z Dokumentum-elérés  
856 4 0 |u http://publicatio.bibl.u-szeged.hu/27070/3/1203735_c%C3%ADmlap_tartalom.pdf  |z Dokumentum-elérés